Word Ladder: 1970s Albums Quiz Stats

Quiz Updated May 8, 2015

Challenge
Share
Tweet
Embed
Score 0/49 Timer 06:00
0 Plays Today
Clue 4-Letter Word % Correct
Grain on the beachSAND
97.5%
★ I'm Still in ____ With You (1972) - Al Green ★LOVE
96.4%
★ Dark Side of the ____ (1973) - Pink Floyd ★MOON
95.5%
★ ____ to Run (1975) - Bruce Springsteen ★BORN
94.4%
★ Highway to ____ (1979) - AC/DC ★HELL
93.5%
Before noon, for shortMORN
92.7%
Wishing placeWELL
91%
★ ____ on the Run (1973) - Paul McCartney and Wings ★BAND
90.7%
Santa's key documentLIST
90.6%
Had in your handsHELD
90.5%
Lima, wax or kidney, e.g.BEAN
90.1%
Bagpiper's garmentKILT
89.9%
Ice hockey localeRINK
89.7%
January to DecemberYEAR
89.4%
A bit of a necklace or a bit of sweatBEAD
89%
Board game of global dominationRISK
88.9%
Executor's documentWILL
88.8%
PossessHAVE
88.6%
★ ____ Hunters (1973) - Herbie Hancock ★HEAD
87.9%
Back-up your workSAVE
87.3%
Not worth discussingMOOT
86.5%
Apartment, in the U.K.FLAT
86.1%
★ Over____ (1979) - Motörhead ★KILL
85.8%
★ Songs of Love and ____ (1971) - Leonard Cohen ★HATE
85.7%
★ Aladdin ____ (1973) - David Bowie ★SANE
85.7%
Clue 4-Letter Word % Correct
Brighton & ____, city in South East EnglandHOVE
85.4%
★ ____ at Leeds (1970) - The Who ★LIVE
85.1%
A spirited cheerful songLILT
84.9%
Glowing reviewRAVE
84.6%
★ After the Gold ____ (1970) - Neil Young ★RUSH
84.2%
Tooth partROOT
83.3%
★ ____ for Life (1977) - Iggy Pop ★LUST
83.1%
Impressive accomplishmentFEAT
82.9%
Evaluate or judgeRATE
82.3%
Birth a goat or sheepYEAN
81.3%
★ ____ of Music (1979) - Talking Heads ★FEAR
80%
Luxurious or abundantLUSH
79.9%
Hard, dry biscuitRUSK
78.3%
Pick upLIFT
74.9%
Level of hierarchyRANK
74.2%
★ Still ____ (1976) - Van der Graaf Generator ★LIFE
73.6%
★ There's a ____ Goin' On (1971) - Sly & The Family Stone ★RIOT
72.5%
Great ____ Valley, KenyaRIFT
69.2%
Benefit or blessingBOON
68%
Fixture of shelves or hooksRACK
65.9%
★Talking ____ (1972) - Stevie Wonder ★BOOK
53.2%
Dark beerBOCK
53.1%
★ Deep Purple in ____ (1970) - Deep Purple ★ROCK
52.8%
★ Pink ____ (1977) - Wire ★FLAG
28.4%

Today's Daily Dose

Word Ladder
'90s Movies

Quick Pick
'Fire' Movies

On This Day
June 19th II

You're not logged in!

Compare scores with friends on all Sporcle quizzes.
Join for Free
OR
Log In

You Might Also Like...

Show Comments

Extras

Top Quizzes Today


Score Distribution

Your Account Isn't Verified!

In order to create a playlist on Sporcle, you need to verify the email address you used during registration. Go to your Sporcle Settings to finish the process.

Report this User

Report this user for behavior that violates our Community Guidelines.

Details: